Волоки-заготовки из твердых спеченных сплавов для волочения труб круглового сечения и шестигранных прутков: Формы и размеры. Технические требования; ГОСТ 2330-76 Волоки-заготовки из твердых спеченных сплавов для волочения труб круглового сечения; ГОСТ 5426-76 Волоки-заготовки из твердых спеченных сплавов для волочения шестигранных прутков

Opis bibliograficzny
Korporacja: СССР Государственный комитет стандартов (Госстандарт)
Język:rosyjski
Wydane: Москва, Изд-во стандартов, 1976
Wydanie:Изд. офиц.
TOC:ГОСТ 2330-76 Волоки-заготовки из твердых спеченных сплавов для волочения труб круглового сечения;
ГОСТ 5426-76 Волоки-заготовки из твердых спеченных сплавов для волочения шестигранных прутков;
Seria:Государственные стандарты
Hasła przedmiotowe:
Format: Książka
KOHA link:https://koha.lib.tpu.ru/cgi-bin/koha/opac-detail.pl?biblionumber=149301

MARC

LEADER 00000nam0a2200000 4500
001 149301
005 20231031145814.0
035 |a (RuTPU)RU\TPU\book\161856 
035 |a RU\TPU\book\161726 
090 |a 149301 
100 |a 20081215d1976 km y0rusy50 ca 
101 0 |a rus 
102 |a RU 
105 |a a l 000zy 
200 1 |a Волоки-заготовки из твердых спеченных сплавов для волочения труб круглового сечения и шестигранных прутков  |e Формы и размеры. Технические требования 
205 |a Изд. офиц. 
210 |a Москва  |c Изд-во стандартов  |d 1976 
215 |a 15 с. 
225 1 |a Государственные стандарты 
464 |t ГОСТ 2330-76 Волоки-заготовки из твердых спеченных сплавов для волочения труб круглового сечения 
464 |t ГОСТ 5426-76 Волоки-заготовки из твердых спеченных сплавов для волочения шестигранных прутков 
610 1 |a ГОСТы 
610 1 |a заготовки 
610 1 |a сплавы 
610 1 |a волочение 
610 1 |a трубы 
610 1 |a круглое сечение 
610 1 |a прутки 
610 1 |a формы 
610 1 |a размеры 
610 1 |a технические требования 
712 0 1 |a СССР  |b Государственный комитет стандартов (Госстандарт)  |c (1970-1978)  |2 stltpush  |3 (RuTPU)RU\TPU\col\4389 
801 1 |a RU  |b 63413507  |c 20021204  |g PSBO 
801 2 |a RU  |b 63413507  |c 20221207  |g PSBO 
942 |c BK